Normal view
MARC view
Entry Personal Name
001 - CONTROL NUMBER
- control field: 4290
003 - CONTROL NUMBER IDENTIFIER
- control field: EG-GiCUC
005 - DATE AND TIME OF LATEST TRANSACTION
- control field: 20240219142544.0
008 - FIXED-LENGTH DATA ELEMENTS
- fixed length control field: 211214n| acannaabn |b aaa d
040 ## - CATALOGING SOURCE
- Original cataloging agency: 040__
- Original cataloging agency: DLC
- Language of cataloging: eng
- Description conventions: rda
- Transcribing agency: DLC
- Modifying agency: DLC
- Modifying agency: DLC-R
- Modifying agency: OCoLC
- Modifying agency: DLC
- Modifying agency: Uk
- Modifying agency: DLC
- Modifying agency: OCoLC
- Modifying agency: DLC
- Modifying agency: IEN
- Modifying agency: NIC
- Modifying agency: DLC
100 1# - HEADING--PERSONAL NAME
- Personal name: ابن تيمية، أحمد بن عبد الحليم،
- Dates associated with a name: 1263-1328
400 1# - SEE FROM TRACING--PERSONAL NAME
- Personal name: ابن تيمية، احمد بن عبد الحليم،
- Dates associated with a name: 1263-1328
400 0# - SEE FROM TRACING--PERSONAL NAME
- Personal name: أحمد بن عبد الحليم ابن تيمية
- Dates associated with a name: 1263-1328
670 ## - SOURCE DATA FOUND
- Source citation: قاعدة جليلة في التوسل و الوسيلة، 1927،
- Information found: ص.ع. )تقي الدين أحمد بن تيمية(
700 10 - ESTABLISHED HEADING LINKING ENTRY--PERSONAL NAME
- Personal name: Ibn Taymiȳah, Aḥmad ibn ʻAbd al-Ḥalim̄,
- Dates associated with a name: 1263-1328
907 ## -
- : .a10043342
- : 14-12-21
- : 14-12-21
- : -
- : -
955 ## -
- : عصام
- : مدخل